<?xml version="1.0" encoding="UTF-8"?>
<record
    xmlns:xsi="http://www.w3.org/2001/XMLSchema-instance"
    xsi:schemaLocation="http://www.loc.gov/MARC21/slim http://www.loc.gov/standards/marcxml/schema/MARC21slim.xsd"
    xmlns="http://www.loc.gov/MARC21/slim">

  <leader>01052    a2200229   4500</leader>
  <controlfield tag="003">Nust</controlfield>
  <controlfield tag="005">20230223113816.0</controlfield>
  <datafield tag="010" ind1=" " ind2=" ">
    <subfield code="a">   87080295</subfield>
  </datafield>
  <datafield tag="020" ind1=" " ind2=" ">
    <subfield code="a">0852294786 (set)</subfield>
  </datafield>
  <datafield tag="040" ind1=" " ind2=" ">
    <subfield code="c">Nust</subfield>
  </datafield>
  <datafield tag="082" ind1="0" ind2="0">
    <subfield code="a">808.89992,YOU</subfield>
  </datafield>
  <datafield tag="245" ind1="0" ind2="4">
    <subfield code="a">The Young children's encyclopedia Vol.1 to Vol.16 /</subfield>
    <subfield code="c">[editor in chief, Howard L. Goodkind].</subfield>
  </datafield>
  <datafield tag="250" ind1=" " ind2=" ">
    <subfield code="a">Vol. A to Z</subfield>
  </datafield>
  <datafield tag="260" ind1=" " ind2=" ">
    <subfield code="a">Chicago :</subfield>
    <subfield code="b">Encyclopaedia Britannica,</subfield>
    <subfield code="c">c1988.</subfield>
  </datafield>
  <datafield tag="300" ind1=" " ind2=" ">
    <subfield code="a">16 v. :</subfield>
    <subfield code="b">ill. (some col.) ;</subfield>
    <subfield code="c">25 cm.</subfield>
  </datafield>
  <datafield tag="505" ind1=" " ind2=" ">
    <subfield code="a">Vol.1 A (Page-159), Vol.2 B (Page-159), Vol.3 C (Page-159), Vol.4 D (Page-159), Vol.5 E (Page-159), Vol.6 F (Page-159), Vol.7 G-H (Page-159), Vol.8 I-K (Page-159), Vol.9 L (Page-159), Vol.10 M (Page-159), Vol.11 N-O (Page-159), Vol.12 P (Page-159), Vol.13 Q-R (Page-159), Vol.14 S (Page-159), Vol.15 T-U (Page-159), Vol.16 V-Z (Page-159).</subfield>
  </datafield>
  <datafield tag="650" ind1=" " ind2="0">
    <subfield code="a">Children's encyclopedias and dictionaries.</subfield>
    <subfield code="9">7168</subfield>
  </datafield>
  <datafield tag="650" ind1=" " ind2="0">
    <subfield code="a">Encyclopedias and dictionaries.</subfield>
    <subfield code="9">7170</subfield>
  </datafield>
  <datafield tag="700" ind1="1" ind2=" ">
    <subfield code="a">Goodkind, Howard.</subfield>
    <subfield code="9">109505</subfield>
  </datafield>
  <datafield tag="710" ind1="2" ind2=" ">
    <subfield code="a">Encyclopaedia Britannica, inc.</subfield>
  </datafield>
  <datafield tag="942" ind1=" " ind2=" ">
    <subfield code="2">ddc</subfield>
    <subfield code="c">ENC</subfield>
  </datafield>
  <datafield tag="999" ind1=" " ind2=" ">
    <subfield code="c">184382</subfield>
    <subfield code="d">184382</subfield>
  </datafield>
  <datafield tag="952" ind1=" " ind2=" ">
    <subfield code="0">0</subfield>
    <subfield code="1">0</subfield>
    <subfield code="2">ddc</subfield>
    <subfield code="4">0</subfield>
    <subfield code="7">0</subfield>
    <subfield code="a">MCS</subfield>
    <subfield code="b">MCS</subfield>
    <subfield code="c">REF</subfield>
    <subfield code="d">2016-12-12</subfield>
    <subfield code="o">808.89992,YOU</subfield>
    <subfield code="p">MCS784</subfield>
    <subfield code="r">2016-12-08</subfield>
    <subfield code="t">Vol.2 (B)</subfield>
    <subfield code="w">2016-12-12</subfield>
    <subfield code="y">ENC</subfield>
    <subfield code="z">Almirah No.71, Shelf No.4</subfield>
  </datafield>
  <datafield tag="952" ind1=" " ind2=" ">
    <subfield code="0">0</subfield>
    <subfield code="1">0</subfield>
    <subfield code="2">ddc</subfield>
    <subfield code="4">0</subfield>
    <subfield code="7">0</subfield>
    <subfield code="a">MCS</subfield>
    <subfield code="b">MCS</subfield>
    <subfield code="c">REF</subfield>
    <subfield code="d">2016-12-12</subfield>
    <subfield code="o">808.89992,YOU</subfield>
    <subfield code="p">MCS785</subfield>
    <subfield code="r">2016-12-08</subfield>
    <subfield code="t">Vol.3 (C)</subfield>
    <subfield code="w">2016-12-12</subfield>
    <subfield code="y">ENC</subfield>
    <subfield code="z">Almirah No.71, Shelf No.4</subfield>
  </datafield>
  <datafield tag="952" ind1=" " ind2=" ">
    <subfield code="0">0</subfield>
    <subfield code="1">0</subfield>
    <subfield code="2">ddc</subfield>
    <subfield code="4">0</subfield>
    <subfield code="7">0</subfield>
    <subfield code="a">MCS</subfield>
    <subfield code="b">MCS</subfield>
    <subfield code="c">REF</subfield>
    <subfield code="d">2016-12-12</subfield>
    <subfield code="o">808.89992,YOU</subfield>
    <subfield code="p">MCS786</subfield>
    <subfield code="r">2016-12-08</subfield>
    <subfield code="t">Vol.4 (D)</subfield>
    <subfield code="w">2016-12-12</subfield>
    <subfield code="y">ENC</subfield>
    <subfield code="z">Almirah No.71, Shelf No.4</subfield>
  </datafield>
  <datafield tag="952" ind1=" " ind2=" ">
    <subfield code="0">0</subfield>
    <subfield code="1">0</subfield>
    <subfield code="2">ddc</subfield>
    <subfield code="4">0</subfield>
    <subfield code="7">0</subfield>
    <subfield code="a">MCS</subfield>
    <subfield code="b">MCS</subfield>
    <subfield code="c">REF</subfield>
    <subfield code="d">2016-12-12</subfield>
    <subfield code="o">808.89992,YOU</subfield>
    <subfield code="p">MCS787</subfield>
    <subfield code="r">2016-12-08</subfield>
    <subfield code="t">Vol.5 (E)</subfield>
    <subfield code="w">2016-12-12</subfield>
    <subfield code="y">ENC</subfield>
    <subfield code="z">Almirah No.71, Shelf No.4</subfield>
  </datafield>
  <datafield tag="952" ind1=" " ind2=" ">
    <subfield code="0">0</subfield>
    <subfield code="1">0</subfield>
    <subfield code="2">ddc</subfield>
    <subfield code="4">0</subfield>
    <subfield code="7">0</subfield>
    <subfield code="a">MCS</subfield>
    <subfield code="b">MCS</subfield>
    <subfield code="c">REF</subfield>
    <subfield code="d">2016-12-12</subfield>
    <subfield code="o">808.89992,YOU</subfield>
    <subfield code="p">MCS788</subfield>
    <subfield code="r">2016-12-08</subfield>
    <subfield code="t">Vol.6 (F)</subfield>
    <subfield code="w">2016-12-12</subfield>
    <subfield code="y">ENC</subfield>
    <subfield code="z">Almirah No.71, Shelf No.4</subfield>
  </datafield>
  <datafield tag="952" ind1=" " ind2=" ">
    <subfield code="0">0</subfield>
    <subfield code="1">0</subfield>
    <subfield code="2">ddc</subfield>
    <subfield code="4">0</subfield>
    <subfield code="7">0</subfield>
    <subfield code="a">MCS</subfield>
    <subfield code="b">MCS</subfield>
    <subfield code="c">REF</subfield>
    <subfield code="d">2016-12-12</subfield>
    <subfield code="o">808.89992,YOU</subfield>
    <subfield code="p">MCS790</subfield>
    <subfield code="r">2016-12-08</subfield>
    <subfield code="t">Vol.8 (I-K)</subfield>
    <subfield code="w">2016-12-12</subfield>
    <subfield code="y">ENC</subfield>
    <subfield code="z">Almirah No.71, Shelf No.4</subfield>
  </datafield>
  <datafield tag="952" ind1=" " ind2=" ">
    <subfield code="0">0</subfield>
    <subfield code="1">0</subfield>
    <subfield code="2">ddc</subfield>
    <subfield code="4">0</subfield>
    <subfield code="7">0</subfield>
    <subfield code="a">MCS</subfield>
    <subfield code="b">MCS</subfield>
    <subfield code="c">REF</subfield>
    <subfield code="d">2016-12-12</subfield>
    <subfield code="o">808.89992,YOU</subfield>
    <subfield code="p">MCS791</subfield>
    <subfield code="r">2016-12-08</subfield>
    <subfield code="t">Vol.9 (L)</subfield>
    <subfield code="w">2016-12-12</subfield>
    <subfield code="y">ENC</subfield>
    <subfield code="z">Almirah No.71, Shelf No.4</subfield>
  </datafield>
  <datafield tag="952" ind1=" " ind2=" ">
    <subfield code="0">0</subfield>
    <subfield code="1">0</subfield>
    <subfield code="2">ddc</subfield>
    <subfield code="4">0</subfield>
    <subfield code="7">0</subfield>
    <subfield code="a">MCS</subfield>
    <subfield code="b">MCS</subfield>
    <subfield code="c">REF</subfield>
    <subfield code="d">2016-12-12</subfield>
    <subfield code="o">808.89992,YOU</subfield>
    <subfield code="p">MCS792</subfield>
    <subfield code="r">2016-12-08</subfield>
    <subfield code="t">Vol.10 (M)</subfield>
    <subfield code="w">2016-12-12</subfield>
    <subfield code="y">ENC</subfield>
    <subfield code="z">Almirah No.71, Shelf No.4</subfield>
  </datafield>
  <datafield tag="952" ind1=" " ind2=" ">
    <subfield code="0">0</subfield>
    <subfield code="1">0</subfield>
    <subfield code="2">ddc</subfield>
    <subfield code="4">0</subfield>
    <subfield code="7">0</subfield>
    <subfield code="a">MCS</subfield>
    <subfield code="b">MCS</subfield>
    <subfield code="c">REF</subfield>
    <subfield code="d">2016-12-12</subfield>
    <subfield code="o">808.89992,YOU</subfield>
    <subfield code="p">MCS793</subfield>
    <subfield code="r">2016-12-08</subfield>
    <subfield code="t">Vol.11 (N-O)</subfield>
    <subfield code="w">2016-12-12</subfield>
    <subfield code="y">ENC</subfield>
    <subfield code="z">Almirah No.71, Shelf No.4</subfield>
  </datafield>
  <datafield tag="952" ind1=" " ind2=" ">
    <subfield code="0">0</subfield>
    <subfield code="1">0</subfield>
    <subfield code="2">ddc</subfield>
    <subfield code="4">0</subfield>
    <subfield code="7">0</subfield>
    <subfield code="a">MCS</subfield>
    <subfield code="b">MCS</subfield>
    <subfield code="c">REF</subfield>
    <subfield code="d">2016-12-12</subfield>
    <subfield code="o">808.89992,YOU</subfield>
    <subfield code="p">MCS794</subfield>
    <subfield code="r">2016-12-08</subfield>
    <subfield code="t">Vol.12 (P)</subfield>
    <subfield code="w">2016-12-12</subfield>
    <subfield code="y">ENC</subfield>
    <subfield code="z">Almirah No.71, Shelf No.4</subfield>
  </datafield>
  <datafield tag="952" ind1=" " ind2=" ">
    <subfield code="0">0</subfield>
    <subfield code="1">0</subfield>
    <subfield code="2">ddc</subfield>
    <subfield code="4">0</subfield>
    <subfield code="7">0</subfield>
    <subfield code="a">MCS</subfield>
    <subfield code="b">MCS</subfield>
    <subfield code="c">REF</subfield>
    <subfield code="d">2016-12-12</subfield>
    <subfield code="o">808.89992,YOU</subfield>
    <subfield code="p">MCS795</subfield>
    <subfield code="r">2016-12-08</subfield>
    <subfield code="t">Vol.13 (Q-R)</subfield>
    <subfield code="w">2016-12-12</subfield>
    <subfield code="y">ENC</subfield>
    <subfield code="z">Almirah No.71, Shelf No.4</subfield>
  </datafield>
  <datafield tag="952" ind1=" " ind2=" ">
    <subfield code="0">0</subfield>
    <subfield code="1">0</subfield>
    <subfield code="2">ddc</subfield>
    <subfield code="4">0</subfield>
    <subfield code="7">0</subfield>
    <subfield code="a">MCS</subfield>
    <subfield code="b">MCS</subfield>
    <subfield code="c">REF</subfield>
    <subfield code="d">2016-12-12</subfield>
    <subfield code="o">808.89992,YOU</subfield>
    <subfield code="p">MCS796</subfield>
    <subfield code="r">2016-12-08</subfield>
    <subfield code="t">Vol.14 (S)</subfield>
    <subfield code="w">2016-12-12</subfield>
    <subfield code="y">ENC</subfield>
    <subfield code="z">Almirah No.71, Shelf No.4</subfield>
  </datafield>
  <datafield tag="952" ind1=" " ind2=" ">
    <subfield code="0">0</subfield>
    <subfield code="1">0</subfield>
    <subfield code="2">ddc</subfield>
    <subfield code="4">0</subfield>
    <subfield code="7">0</subfield>
    <subfield code="a">MCS</subfield>
    <subfield code="b">MCS</subfield>
    <subfield code="c">REF</subfield>
    <subfield code="d">2016-12-12</subfield>
    <subfield code="o">808.89992,YOU</subfield>
    <subfield code="p">MCS797</subfield>
    <subfield code="r">2016-12-08</subfield>
    <subfield code="t">Vol.15 (T-U)</subfield>
    <subfield code="w">2016-12-12</subfield>
    <subfield code="y">ENC</subfield>
    <subfield code="z">Almirah No.71, Shelf No.4</subfield>
  </datafield>
  <datafield tag="952" ind1=" " ind2=" ">
    <subfield code="0">0</subfield>
    <subfield code="1">0</subfield>
    <subfield code="2">ddc</subfield>
    <subfield code="4">0</subfield>
    <subfield code="7">0</subfield>
    <subfield code="a">MCS</subfield>
    <subfield code="b">MCS</subfield>
    <subfield code="c">REF</subfield>
    <subfield code="d">2023-02-23</subfield>
    <subfield code="o">808.89992,YOU</subfield>
    <subfield code="p">MCS783</subfield>
    <subfield code="r">2023-02-23</subfield>
    <subfield code="t">Vol.1 (A)</subfield>
    <subfield code="w">2023-02-23</subfield>
    <subfield code="y">ENC</subfield>
    <subfield code="z">Almirah No.71, Shelf No.4</subfield>
  </datafield>
  <datafield tag="952" ind1=" " ind2=" ">
    <subfield code="0">0</subfield>
    <subfield code="1">0</subfield>
    <subfield code="2">ddc</subfield>
    <subfield code="4">0</subfield>
    <subfield code="7">0</subfield>
    <subfield code="a">MCS</subfield>
    <subfield code="b">MCS</subfield>
    <subfield code="c">REF</subfield>
    <subfield code="d">2023-02-23</subfield>
    <subfield code="o">808.89992,YOU</subfield>
    <subfield code="p">MCS789</subfield>
    <subfield code="r">2023-02-23</subfield>
    <subfield code="t">Vol.7 (G-H)</subfield>
    <subfield code="w">2023-02-23</subfield>
    <subfield code="y">ENC</subfield>
    <subfield code="z">Almirah No.71, Shelf No.4</subfield>
  </datafield>
  <datafield tag="952" ind1=" " ind2=" ">
    <subfield code="0">0</subfield>
    <subfield code="1">0</subfield>
    <subfield code="2">ddc</subfield>
    <subfield code="4">0</subfield>
    <subfield code="7">0</subfield>
    <subfield code="a">MCS</subfield>
    <subfield code="b">MCS</subfield>
    <subfield code="c">REF</subfield>
    <subfield code="d">2023-02-23</subfield>
    <subfield code="o">808.89992,YOU</subfield>
    <subfield code="p">MCS798</subfield>
    <subfield code="r">2023-02-23</subfield>
    <subfield code="t">Vol.16 (V-Z)</subfield>
    <subfield code="w">2023-02-23</subfield>
    <subfield code="y">ENC</subfield>
    <subfield code="z">Almirah No.71, Shelf No.4</subfield>
  </datafield>
</record>
